00498 2200181 4500001002100000008004100021035002000062245006200082100002100144250001000165260003100175300002000206020002200226084001700248082001100265650002700276990001300303INLIS000000000015901 Ind  a0010-0323000349 aTentang DesircGladhys Elliona; penyunting, Endah Sulwesi aGLADHYS, Elliona acet.1 aJakarta :bGramedia,c2019 a108 hal.c18 cm a978-602-481-209-6 a808.83 GLA t a808.83 aCERITA PENDEK-KUMPULAN a10754 .a